000 00224nam a2200097Ia 4500
005 20251222114406.0
008 251222s1900||||xx |||||||||||||| ||spa||
082 _aDVD0040/B75
245 0 _aNueve reinas:nine queens
942 _cDVD
999 _c1858
_d1858